000 00352nam a22001337a 4500
008 131126b xxu||||| |||| 00| 0 eng d
020 _a0006499171
050 _aPZ3.O1285H5
100 _aO'Brian, Patrick
_93936
245 _aH. M. S. Surprise
260 _aLondon
_bHarperCollinsPublishers
_c1993
300 _a388p.;
_c20cm
942 _2lcc
_cMONOGRAPH
999 _c118706
_d118706